000 00684cam a22002413a 4500
001 7371
003 PGUSA
005 20140828083144.0
008 050101s2005||||xxu|||||s|||||000 1 eng d
040 _aPGUSA
_beng
042 _adc
050 4 _aPR
100 1 _aRadcliffe, Ann Ward,
_d1764-1823
245 1 2 _aA Sicilian Romance
_h[electronic resource] /
_cAnn Ward Radcliffe
260 _bProject Gutenberg,
_c2005
506 _aPublic domain in the USA.
516 _aElectronic text
653 _aGothic fiction (Literary genre)
653 _aSicily (Italy) -- Fiction
830 0 _aProject Gutenberg
_v7371
856 4 0 _uhttp://www.gutenberg.org/ebooks/7371
942 _cEB
999 _c236691
_d236691